000 00405pab a2200169 454500
008 180718b1997 xxu||||| |||| 00| 0 eng d
100 _aSingh, Rashmi
245 _aIndian farmer: a disorganaized lot
260 _c1997
300 _ap.15-16
362 _aJuly
650 _aAgricultural workers - India
650 _aFarmers
700 _aJhamtani, Anita
773 _aKurukshetra
909 _a34649
999 _c34649
_d34649